Stati che iniziano con la T - Statistics

Statistiche generali
  • Questo quiz è stato fatto 149 volte
  • Il punteggio medio è 8 su 11
Statistiche sulle risposte
Superficie (km²) Popolazione (ab.) Stato % Corretto
783 562 86 136 138 Turchia
87%
488 100 6 431 187 Turkmenistan
84%
143 100 9 313 800 Tagikistan
77%
26 10 507 Tuvalu
77%
513 120 70 140 396 Thailandia
74%
56 785 7 706 000 Togo
73%
945 087 63 245 243 Tanzania
72%
163 610 11 708 370 Tunisia
72%
5 130 1 366 725 Trinidad e Tobago
69%
747 100 651 Tonga
65%
14 919 1 299 412 Timor Est
50%
Nessun quiz corrispondente trovato
Distribuzione punteggi
Percentuale di utenti per punteggio
Percentile per numero di risposta
I tuoi punteggi nel tempo
Non hai fatto questo quiz